00327nam a2200109Ia 4500008004100000041000800041082001400049100001700063245008500080260003300165300001900198241015s9999 xx 000 0 und d aeng a519.5 BLA aBlack, Singh aBusiness Statistics 10ed: For Contemporary Decision Making, An Indian Adaptation bWiley IndiaaNew Delhic2022 a832;. P. 27 cm